Racionalizácia skladového hospodárstva v konkrétnych podmienkach priemyslu záverečná práca postgraduálneho štúdia

Gespeichert in:
Bibliographische Detailangaben
1. Verfasser: Slivka, Miroslav
Körperschaft: Vysoká škola ekonomická v Bratislave
Weitere Verfasser: Kupkovič, Milan
Format: Buch
Sprache:Slowakisch
Veröffentlicht: Bratislava 1990
Tags: Tag hinzufügen
Keine Tags, Fügen Sie das erste Tag hinzu!

MARC

LEADER 00000nam a2200000 4500
001 c034777
005 20260108101141.3
041 0 |a slo 
044 |a SK 
245 1 0 |a Racionalizácia skladového hospodárstva v konkrétnych podmienkach priemyslu  |b záverečná práca postgraduálneho štúdia  |c Miroslav Slivka ; Ved. práce Milan Kupkovič 
264 1 |a Bratislava  |c 1990 
300 |a 41 s. 
100 1 |a Slivka, Miroslav 
700 1 |a Kupkovič, Milan 
710 2 |a Vysoká škola ekonomická v Bratislave